[Event "Linares op"]
[Site "Linares"]
[Date "1995.??.??"]
[Round "?"]
[White "Zucchelli, Massimo"]
[Black "Ragozin, Evgeni"]
[Result "0-1"]
[WhiteElo "2215"]
[BlackElo "2435"]

1.d4 Nf6 2.Bg5 Ne4 3.Bf4 c5 4.f3 Qa5+ 5.c3 Nf6 6.Nd2 cxd4 7.Nb3 Qf5 8.Qxd4 Nc6
9.Qd2 e5 10.Be3 d5 11.g4 Qe6 12.g5 d4 13.gxf6 dxe3 14.Qxe3 Qxf6 15.Bh3 Qh4+
16.Qf2 Qh6 17.Bxc8 Rxc8 18.e3 Be7 19.Ne2 Bh4 20.Ng3 Bxg3 21.Qxg3 Qxe3+ 22.Kf1 Rd8
23.Re1 Qh6 24.Kf2 O-O 25.Re2 Rd6 26.h4 Rg6 27.Qh3 f5 28.Nc5 e4 29.h5 Rd6
30.fxe4 fxe4+ 31.Kg2 Qg5+  0-1

[Event "Linares zt"]
[Site "Linares"]
[Date "1995.??.??"]
[Round "4"]
[White "Garcia Paolicchi, Raul"]
[Black "Marinelli, Tullio"]
[Result "0-1"]
[WhiteElo "2295"]
[BlackElo "2440"]

1.d4 Nf6 2.Bg5 Ne4 3.Bf4 d5 4.Nd2 Nxd2 5.Qxd2 c6 6.e3 Bf5 7.Nf3 e6 8.Bd3 Nd7
9.O-O Be7 10.c4 Bxd3 11.Qxd3 O-O 12.cxd5 exd5 13.a3 a6 14.b4 Nb6 15.Nd2 Qd7
16.Rab1 Na4 17.Qc2 b5 18.Nf3 f6 19.Rfe1 Nb6 20.Nd2 Nc4 21.Nxc4 dxc4 22.Qd2 a5
23.e4 axb4 24.axb4 Bd6 25.Red1 c3  0-1

[Event "Linares zt"]
[Site "Linares"]
[Date "1995.??.??"]
[Round "7"]
[White "Fernandes, Antonio"]
[Black "Sosonko, Gennadi"]
[Result "1/2-1/2"]
[WhiteElo "2380"]
[BlackElo "2525"]

1.d4 Nf6 2.Bg5 Ne4 3.Bh4 g5 4.f3 gxh4 5.fxe4 e5 6.e3 Bh6 7.Qh5 Qg5 8.Qxg5 Bxg5
9.Nf3 Bxe3 10.Nc3 exd4 11.Nd5 Kd8 12.Bc4 d6 13.Nxe3 dxe3 14.O-O Be6 15.Bxe6 fxe6
16.Ng5 Rg8 17.Nxe6+ Kd7 18.Nd4 Nc6 19.Nxc6 Kxc6 20.Rae1 h3 21.g3 Raf8 22.Rxe3 h5
23.Rf5 Rxf5 24.exf5 Rf8 25.Rc3+ Kd7 26.Rf3 Ke7 27.Kf2 Kf6 28.g4 hxg4 29.Rf4 d5
30.Rxg4 Kxf5 31.Rg7 Ke5+ 32.Ke2 Re8 33.Rh7 Kd6+  1/2-1/2

[Event "Linz"]
[Site "Linz"]
[Date "1995.??.??"]
[Round "9"]
[White "Teske, Henrik"]
[Black "Hellmayr, Alois"]
[Result "1-0"]
[WhiteElo "2465"]
[BlackElo "2300"]

1.d4 Nf6 2.Bg5 Ne4 3.h4 d5 4.Nd2 Nxg5 5.hxg5 g6 6.Ngf3 Bg7 7.e3 c5 8.c3 cxd4
9.cxd4 Nc6 10.Qb3 h6 11.gxh6 Rxh6 12.Rxh6 Bxh6 13.Rc1 Qd6 14.Bb5 Bd7 15.Ne5 Rc8
16.Ba4 Rc7 17.Ne4 Qxe5 18.dxe5 dxe4 19.Qd5 Kf8 20.Qxe4 Bg7 21.f4 a6 22.Rd1 Ke8
23.Bb3 Bg4 24.Rc1 Bf5 25.Qa4 e6 26.Bd1 Bd3 27.Qb3 Be4 28.Qb6 Kd7 29.Kf2 Bf8
30.b4 Be7 31.a4 Bh4+ 32.g3 Bd8 33.b5 axb5 34.axb5  1-0

[Event "Litomysl op"]
[Site "Litomysl"]
[Date "1995.??.??"]
[Round "1"]
[White "Sabol, Marian"]
[Black "Wieczorek, Zbigniew"]
[Result "1-0"]
[WhiteElo "2265"]
[BlackElo "2355"]

1.d4 Nf6 2.Bg5 Ne4 3.Bh4 c6 4.f3 Qa5+ 5.Nd2 Qh5 6.Nxe4 Qxh4+ 7.g3 Qh6 8.Qd2 Qxd2+
9.Nxd2 g6 10.c3 f5 11.f4 Bg7 12.Ngf3 d6 13.h4 Nd7 14.e4 fxe4 15.Nxe4 Nb6
16.Bh3 Bf5 17.Neg5 Bf6 18.g4 Bd7 19.f5 gxf5 20.gxf5 Nc4 21.Rh2 O-O-O 22.Nf7 Rhg8
23.Nxd8 Kxd8 24.Kf2 Nxb2 25.Rb1 Na4 26.Rxb7 Nxc3 27.Rxa7 Nb5 28.Ra8+ Bc8
29.Rg2 Rxg2+ 30.Kxg2 Kc7 31.Ra4 Nc3 32.Rc4 Nxa2 33.Kg3 Kb6 34.Ng5 Ba6 35.Rc2 Nb4
36.Rb2 Ka5 37.Rd2 h6 38.Ne4 Bg7 39.f6 Bxf6 40.Nxf6 exf6 41.Rf2 c5 42.dxc5 dxc5
43.Rf5 Nd3 44.Bf1 Kb4 45.Rxf6 Bb5 46.Rxh6 c4 47.Bxd3 cxd3 48.Rd6 Kc3 49.Kf2  1-0

[Event "PCA/Intel-GP"]
[Site "London"]
[Date "1995.??.??"]
[Round "2"]
[White "Miles, Anthony J"]
[Black "Van Wely, Loek"]
[Result "1-0"]
[WhiteElo "2600"]
[BlackElo "2585"]

1.d4 Nf6 2.Bg5 Ne4 3.Bf4 d5 4.e3 Bf5 5.Bd3 e6 6.Nd2 Nxd2 7.Qxd2 Bxd3 8.Qxd3 Nd7
9.Nf3 c5 10.O-O Be7 11.c4 dxc4 12.Qxc4 O-O 13.dxc5 Nxc5 14.Rfd1 Qb6 15.Be5 Rac8
16.Rac1 Qa6 17.h3 f6 18.Bd4 Qxc4 19.Rxc4 e5 20.Bxc5 Rxc5 21.Rxc5 Bxc5 22.Kf1 e4
23.Nd2 Rd8 24.Ke2 f5 25.g4 g6 26.gxf5 gxf5 27.Rg1+ Kf7 28.Rg5 Bb4 29.Nb3 Kf6
30.h4 h6 31.Rg1 Rd3 32.h5 a5 33.Rg6+ Ke5 34.Rb6 f4 35.Rb5+ Kf6 36.exf4 Rh3
37.Nxa5 Bd6 38.Rb6 Ke7 39.Rxb7+ Ke6 40.Rb6 Kd7 41.Nb7 Bxf4 42.Nc5+ Kc7 43.Rb3  1-0

[Event "ESP-chJ"]
[Site "Los Barrios"]
[Date "1995.??.??"]
[Round "6"]
[White "Carrasco Martinez, Juan M"]
[Black "Baches Garcia, Guillermo"]
[Result "1-0"]
[WhiteElo "2300"]
[BlackElo "2145"]

1.d4 Nf6 2.Bg5 Ne4 3.Bf4 c5 4.f3 Qa5+ 5.c3 Nf6 6.d5 Qb6 7.Bc1 e6 8.e4 Qa5
9.a4 d6 10.Na3 exd5 11.exd5 Be7 12.Bd3 Nbd7 13.Nc4 Qc7 14.Bc2 O-O 15.Ne2 a6
16.O-O b5 17.axb5 Bb7 18.b6 Nxb6 19.Nxb6 Qxb6 20.c4 Rfe8 21.Bd2 Bc8 22.Bc3 Nd7
23.Ba4 Rf8 24.f4 Ra7 25.Bxd7 Bxd7 26.f5 f6 27.Qd3 Qd8 28.Nf4 Qc8 29.g4 Bd8
30.Rf3 Be8 31.Ne6 Rff7 32.Rh3 Bd7 33.Rf1 Be7 34.Rff3 Bf8 35.Rh5 Qe8 36.g5 Re7
37.Rxh7 Kxh7 38.Rh3+ Kg8 39.g6 Bxe6 40.Rh8+  1-0

[Event "CRO-chT"]
[Site "Makarska Tucepi"]
[Date "1995.??.??"]
[Round "?"]
[White "Bukal, Vladimir Jr"]
[Black "Njirjak, Josip"]
[Result "1/2-1/2"]
[WhiteElo "2315"]
[BlackElo "2220"]

1.d4 Nf6 2.Bg5 Ne4 3.h4 c5 4.dxc5 Qa5+ 5.Nd2 Nxg5 6.hxg5 Qxc5 7.Ngf3 g6 8.Rh4 Nc6
9.e3 Bg7 10.c3 d6 11.Bd3 h6 12.Qc2 hxg5 13.Rxh8+ Bxh8 14.Ne4 Qa5 15.Nexg5 Ne5
16.Nxe5 Qxe5 17.Nf3 Qc5 18.Qb3 e6 19.O-O-O Rb8 20.Rh1 Bg7 21.Qc2 Kf8 22.Rh4 Bd7
23.Bxg6 fxg6 24.Qxg6 Bxc3 25.bxc3 Qxc3+ 26.Kb1 Qg7 27.Rf4+ Kg8 28.Qe4 d5
29.Qd4 Qxd4 30.exd4 Rf8 31.Rxf8+ Kxf8 32.Ne5 Bb5 33.f4 Ke7 34.g4 Kf6 35.Kc2 Be2
36.Kd2 Bb5 37.Kc2 b6 38.Kc3 Bf1 39.Kb3 Be2 40.Kb4 Bf1 41.Kc3 Bb5 42.Kd2 Ba4
43.Ke1 Be8 44.Kf2 Bb5 45.Kg3 Be8 46.Nf3 a5 47.Kf2 Bb5 48.Ke3 Ba4 49.Ne5  1/2-1/2

[Event "Malmo"]
[Site "Malmo"]
[Date "1995.??.??"]
[Round "8"]
[White "Djurhuus, Rune"]
[Black "Hellsten, Johan"]
[Result "1-0"]
[WhiteElo "2495"]
[BlackElo "2420"]

1.d4 Nf6 2.Bg5 Ne4 3.Bf4 d5 4.f3 Nf6 5.e4 c5 6.Nc3 a6 7.dxc5 e6 8.exd5 Nxd5
9.Nxd5 exd5 10.Qd2 Bxc5 11.O-O-O O-O 12.Qxd5 Qb6 13.Bc4 Nc6 14.Ne2 Be6 15.Qe4 Rfe8
16.Bxe6 Rxe6 17.Qc4 Na5 18.Qd3 Qb4 19.Bd2 Qc4 20.Qxc4 Nxc4 21.Nf4 Rc6 22.Nd3 Be3
23.Bxe3 Nxe3 24.Rd2 Rac8 25.c3 Rd6 26.Nf4 Rxd2 27.Kxd2 Nc4+ 28.Kc1 g5 29.Nd5 Kg7
30.Re1 Rd8 31.Ne3 Ne5 32.Kc2 Kg6 33.Ng4 Nxg4 34.fxg4 Rd6 35.h3 h5 36.gxh5+ Kxh5
37.Re7 Rf6 38.Rxb7 Rf2+ 39.Kb3 f5 40.g3 Rf3 41.g4+ fxg4 42.hxg4+ Kxg4 43.Rb6 a5
44.Rb5 Rf5 45.c4  1-0

[Event "Manresa op"]
[Site "Manresa"]
[Date "1995.??.??"]
[Round "6"]
[White "Mellado Trivino, Juan"]
[Black "Vidarte Morales, Arturo"]
[Result "1/2-1/2"]
[WhiteElo "2460"]
[BlackElo "2355"]

1.d4 Nf6 2.Bg5 Ne4 3.Bf4 c5 4.f3 Nf6 5.d5 d6 6.e4 g6 7.Nc3 Bg7 8.Qd2 O-O
9.Bh6 e6 10.O-O-O exd5 11.Bxg7 Kxg7 12.Nxd5 Be6 13.Nf4 Bxa2 14.b3 a5 15.Qxd6 Qxd6
16.Rxd6 a4 17.Kb2 axb3 18.cxb3 Nc6 19.Nge2 c4 20.bxc4 Bxc4  1/2-1/2

[Event "Capablanca mem (Women)"]
[Site "Matanzas"]
[Date "1995.??.??"]
[Round "?"]
[White "Perez, Yosvanny"]
[Black "Ramon, Vivian"]
[Result "1-0"]
[WhiteElo "2360"]
[BlackElo "2210"]

1.d4 Nf6 2.Bg5 Ne4 3.h4 c5 4.dxc5 Qa5+ 5.Nd2 Nxg5 6.hxg5 g6 7.Rh4 Nc6 8.Nf3 Bg7
9.c3 Qxc5 10.e4 h6 11.gxh6 Rxh6 12.Nb3 Qb6 13.Rxh6 Bxh6 14.Bc4 d6 15.a4 Qc7
16.Nbd4 a6 17.Ba2 e5 18.Nc2 Bg4 19.Qd3 O-O-O 20.Nh2 Qd7 21.Bxf7 Qxf7 22.Nxg4 Bg5
23.Nce3 Qb3 24.Qc2 Qe6 25.Ke2 Ne7 26.Rd1 d5 27.Qb3 Qf7 28.Nxd5 Kb8 29.Qc4 Rc8
30.Qd3 Qe6 31.Nde3 Rc6 32.f3 Ka7 33.Rd2 Bf4 34.Qd7 Qxd7 35.Rxd7 Nc8 36.Rd5 Nb6
37.Nxe5 Re6 38.N5c4 Nxd5 39.Nxd5 Bc1 40.a5 Rc6 41.Ndb6 g5 42.Kd3 Rh6 43.Ke2 Rh2
44.Kf2 Rh6 45.Nd5 Kb8 46.b4 Kc8 47.Ncb6+ Kd8 48.Kg1 Bb2 49.g3 Rc6 50.Na4 Bc1
51.Kg2 Bd2 52.Kh3 Rh6+ 53.Kg4 Kd7 54.Nc5+ Kc6 55.Nb3 Be1 56.Nd4+  1-0

[Event "Fide Mercenarios 7th"]
[Site "MEX"]
[Date "1995.??.??"]
[Round "1"]
[White "Calderin, Roberto"]
[Black "Ruiz, Guillermo"]
[Result "1-0"]
[WhiteElo "2445"]
[BlackElo "2235"]

1.d4 Nf6 2.Bg5 Ne4 3.Bf4 d5 4.f3 Nf6 5.e4 dxe4 6.Nc3 exf3 7.Nxf3 e6 8.Bd3 Bd6
9.Ne5 Bd7 10.O-O Nc6 11.Nb5 Qe7 12.Nxd6+ cxd6 13.Nc4 e5 14.dxe5 dxe5 15.Nxe5 Nxe5
16.Bxe5 Ng4 17.Bg3 O-O 18.Qf3 Qe3+ 19.Qxe3 Nxe3 20.Rfe1 Rfe8 21.Bf2 Ng4 22.Rxe8+ Bxe8
23.Bd4 Bc6 24.Re1 Rd8 25.Bxa7 Ra8 26.Bc5 Rxa2 27.Ba3 b5 28.c3 g6 29.Bc2 Bd5
30.h3 Nf6 31.Rd1 Kg7 32.g4 h6 33.Kf2 Bc4 34.Ke3 Nd5+ 35.Kd4 Nb6 36.Kc5 Nc8
37.Bd3 Bxd3 38.Rxd3 Ra1 39.Kxb5 Re1 40.Rd8 Re3  1-0

[Event "Fide Mercenarios 5th"]
[Site "MEX"]
[Date "1995.??.??"]
[Round "1"]
[White "Araiza Munoz, Jose Joaquin"]
[Black "Guevara, Mario"]
[Result "1-0"]
[WhiteElo "2190"]
[BlackElo "2260"]

1.d4 Nf6 2.Bg5 Ne4 3.Bf4 c5 4.f3 Qa5+ 5.c3 Nf6 6.Nd2 cxd4 7.Nb3 Qf5 8.Bxb8 Rxb8
9.Qxd4 d5 10.Qxa7 Qe5 11.Qd4 Qc7 12.e3 e5 13.Bb5+ Kd8 14.Qd3 Bd6 15.e4 dxe4
16.fxe4 Ke7 17.Nf3 Rd8 18.O-O-O Be6 19.Qe2 Ra8 20.Kb1 Ra7 21.c4 Rda8 22.Nc1 Rc8
23.Qe3 Ra5 24.Nb3 Raa8 25.h3 h6 26.g4 g5 27.Rhf1 Ne8 28.h4 f6 29.hxg5 hxg5
30.Nxg5 Bxg4 31.Rd5 Be6 32.Nxe6 Kxe6 33.Qh3+ Kf7 34.Qh5+ Kf8 35.Bxe8 Be7  1-0

[Event "Fide Mercenarios 7th"]
[Site "MEX"]
[Date "1995.??.??"]
[Round "4"]
[White "De Winter, Willy"]
[Black "Gonzalez, Roberto"]
[Result "0-1"]
[WhiteElo "2170"]
[BlackElo "2200"]

1.d4 Nf6 2.Bg5 Ne4 3.h4 d5 4.Nd2 h6 5.Bf4 Bf5 6.e3 e6 7.Bd3 Be7 8.Ngf3 Nd7
9.Bxe4 dxe4 10.Ne5 O-O 11.g4 Bg6 12.Nxg6 fxg6 13.Nxe4 Bxh4 14.Qe2 g5 15.Bg3 Bxg3
16.Nxg3 Qf6 17.Rf1 Qg6 18.O-O-O Nb6 19.f3 Nd5 20.c4 Nb4 21.a3 Na6 22.b4 c6
23.Ne4 Nc7 24.Nc5 a5 25.Nd7 Rfe8 26.Qb2 axb4 27.axb4 Ra4 28.Kd2 Qf7 29.Nc5 Ra7
30.Ra1 Rea8 31.Rxa7 Rxa7 32.Nd3 Qf8 33.Ne5 Qa8 34.Kd3 Ra3+ 35.Ke4 Nd5 36.Nd3 Nf6+
37.Ke5 Rxd3  0-1

[Event "Fide Mercenarios 4th"]
[Site "MEX"]
[Date "1995.??.??"]
[Round "4"]
[White "Araiza Nieto, Victor Fernando"]
[Black "Zarate Manjarrez, Alfredo"]
[Result "0-1"]
[WhiteElo "2010"]
[BlackElo "2205"]

1.d4 Nf6 2.Bg5 Ne4 3.Bd2 d5 4.Nc3 Nxd2 5.Qxd2 g6 6.e4 dxe4 7.Nxe4 Bg7 8.c3 O-O
9.f4 Nd7 10.Nf3 b6 11.Bc4 Bb7 12.d5 Nf6 13.Nxf6+ exf6 14.O-O Qd6 15.f5 Rfe8
16.Rae1 Rad8 17.Rxe8+ Rxe8 18.Kh1 Bf8 19.Qd3 Bh6 20.Re1 Rxe1+ 21.Nxe1 Kg7
22.Nf3 Qf4 23.b4 Qc1+ 24.Qf1 Qxc3 25.b5 Bf4 26.g3 Bd6 27.Qe2 Bc8 28.Bd3 Bd7
29.Kg2 g5 30.Nd2 Qa5 31.Bc4 Bb4 32.Nf3 Qa4  0-1

[Event "Fide Mercenarios 3th"]
[Site "MEX"]
[Date "1995.??.??"]
[Round "11"]
[White "Araiza Nieto, Victor Fernando"]
[Black "Selvas, Silverio"]
[Result "1-0"]
[WhiteElo "2115"]
[BlackElo "2120"]

1.d4 Nf6 2.Bg5 Ne4 3.Bf4 d6 4.Nd2 Nf6 5.Ngf3 Bg4 6.e4 Nbd7 7.h3 Bh5 8.Be2 Bg6
9.Bd3 c5 10.dxc5 Nxc5 11.Bb5+ Nfd7 12.Qe2 e5 13.Bg3 Be7 14.O-O O-O 15.Rad1 Nf6
16.Nh4 Bh5 17.f3 Nfxe4 18.Nxe4 Nxe4 19.Qxe4 Qb6+ 20.Kh2 Qxb5 21.Nf5 Bf6 22.Nxd6 Qxb2
23.Rb1 Qxa2 24.Qxb7 Rad8 25.Ne4 Qxc2 26.Rfc1 Qe2 27.Re1 Qc2 28.Rbc1 Qa4 29.Ra1 Qc2
30.Rxa7 Rb8 31.Qc7 Qb2 32.Qc3 Qxc3 33.Nxc3 Rb2 34.Re2 Rxe2 35.Nxe2 Re8 36.Nc3 Bg6
37.Nd5 Bg5 38.Bxe5 f6 39.Bg3 Bd3 40.f4 Bh6 41.Rc7 Re2 42.Rc3 Be4 43.Ne3 g5
44.f5 g4 45.Kg1 Rxe3 46.Rc8+ Kf7 47.Bf2 Rd3 48.hxg4 Rd1+ 49.Kh2 Bf4+ 50.Bg3 Bxg3+
51.Kxg3 Rd2 52.Rc7+ Kg8 53.Rc8+ Kg7 54.Rc7+ Kh6 55.Ra7 Bc6 56.Rf7 Rxg2+ 57.Kf4 Rf2+
58.Kg3 Rc2 59.Rxf6+ Kg5 60.Rf7 Rc3+ 61.Kf2 Kf4 62.Rxh7 Rc2+ 63.Ke1 Ke3 64.Re7+ Be4
65.Kd1 Rg2 66.Kc1 Kf4 67.f6 Ra2 68.f7 Ra8 69.Re8 Rxe8 70.fxe8=Q Bf3 71.Kd2 Bxg4
72.Qf7+ Kg3 73.Ke3 Kh4 74.Qg6 Kh3 75.Kf4  1-0

[Event "Mitropa Cup"]
[Site "?"]
[Date "1995.??.??"]
[Round "8"]
[White "Casagrande, Harald"]
[Black "Gross, David"]
[Result "1/2-1/2"]
[WhiteElo "2385"]
[BlackElo "2425"]

1.d4 Nf6 2.Bg5 Ne4 3.h4 c5 4.d5 Qb6 5.Nd2 Nxg5 6.hxg5 g6 7.e4 d6 8.Nc4 Qc7
9.a4 Nd7 10.f4 Nb6 11.Nf3 Nxc4 12.Bxc4 Bg7 13.c3 a6 14.a5 Bd7 15.Nd2 h6 16.gxh6 Bxh6
17.Be2 O-O-O 18.Rf1 f5 19.Nc4 fxe4 20.Qc2 Kb8 21.Nb6 e5 22.fxe5 dxe5 23.g4 Bf4
24.Qxe4 Qd6 25.Rh1 Rxh1+ 26.Qxh1 Qf6 27.Kd1 Qg5 28.Qf3 e4 29.Qxe4 Bxg4 30.Bxg4 Qxg4+
31.Kc2 Qg3 32.Kb3 Bc7 33.Rd1 Bxb6 34.axb6 Qd6 35.Kc2 Qxb6 36.d6 g5 37.Rd5 Ka7
38.d7 Qc7 39.Qf5 b6 40.c4 Qh2+ 41.Kb3 Qf4 42.Qxg5 Qxg5 43.Rxg5 Rxd7 44.Rg6 Kb7
45.Kc3 Kc7 46.Rh6 Rd6 47.Rh7+ Kc6 48.Ra7 a5 49.Rh7 Rg6 50.b3 Rd6 51.Rg7 Rd7
52.Rg6+ Kb7 53.Kb2 Ka6  1/2-1/2

[Event "USA-ch"]
[Site "Modesto"]
[Date "1995.??.??"]
[Round "9"]
[White "Gulko, Boris F"]
[Black "Kudrin, Sergey"]
[Result "1-0"]
[WhiteElo "2620"]
[BlackElo "2525"]

1.d4 Nf6 2.Bg5 Ne4 3.Bf4 d5 4.f3 Nf6 5.Nc3 Bf5 6.e3 e6 7.g4 Bg6 8.h4 h5 9.g5 Nfd7
10.Bd3 Bxd3 11.Qxd3 g6 12.e4 c6 13.exd5 exd5 14.O-O-O Bb4 15.Re1+ Kf8 16.a3 Bxc3
17.Qxc3 Na6 18.Rh2 Kg8 19.Rhe2 Nc7 20.Qd3 Kg7 21.Nh3 a5 22.Re7 a4 23.Bxc7 Qxc7
24.R1e6 Kg8 25.Rxf7  1-0

[Event "Montecatini Terme op"]
[Site "Montecatini Terme"]
[Date "1995.??.??"]
[Round "?"]
[White "Palac, Mladen"]
[Black "Pantaleoni, Claudio"]
[Result "1-0"]
[WhiteElo "2515"]
[BlackElo "2230"]

1.d4 Nf6 2.Bg5 Ne4 3.Bf4 c5 4.f3 Qa5+ 5.c3 Nf6 6.Nd2 cxd4 7.Nb3 Qf5 8.Bxb8 Rxb8
9.Qxd4 b6 10.e4 Qh5 11.e5 Ng8 12.O-O-O e6 13.f4 Qh4 14.Nf3 Qd8 15.Bd3 Qc7
16.f5 Ne7 17.fxe6 fxe6 18.Qh4 Nf5 19.Bxf5 exf5 20.Nbd4 Be7 21.Qf4 g6 22.Nb5 Qc5
23.Rd5 Qc6 24.Nfd4 Qb7 25.Qh6 a6 26.Nd6+ Bxd6 27.exd6  1-0

[Event "Moscow3"]
[Site "Moscow"]
[Date "1995.??.??"]
[Round "?"]
[White "Rustemov, Alexander"]
[Black "Bezman, Vadim"]
[Result "1-0"]
[WhiteElo "2450"]
[BlackElo "2385"]

1.d4 Nf6 2.Bg5 Ne4 3.Bh4 d5 4.f3 Nf6 5.Nc3 e6 6.e4 Be7 7.Bf2 O-O 8.exd5 exd5
9.Qd2 Nbd7 10.Bd3 c6 11.g4 b5 12.Nce2 Re8 13.Nh3 Nb6 14.Nhf4 Nc4 15.Qc1 Qa5+
16.Kf1 g5 17.Nh3 h6 18.c3 Nh5 19.Nhg1 Ng7 20.h4 f5 21.hxg5 hxg5 22.Nh3 Qd8
23.Qc2 Nd6 24.Ng3 f4 25.Ne2 Bf6 26.Bh7+ Kf8 27.Qg6 Nf7 28.Re1 Bd7 29.Kg2 Re6
30.Nexf4 Rxe1 31.Rxe1 gxf4 32.Nxf4 Ng5 33.Bg3 Nxh7 34.Qxh7 Bg5 35.Ng6+ Kf7
36.Ne5+  1-0

[Event "Moscow (Women)"]
[Site "Moscow"]
[Date "1995.??.??"]
[Round "?"]
[White "Zaitseva, Ludmila G"]
[Black "Fatalibekova, Elena"]
[Result "1/2-1/2"]
[WhiteElo "2320"]
[BlackElo "2230"]

1.d4 Nf6 2.Bg5 Ne4 3.Bf4 d5 4.e3 c6 5.Nd2 Qa5 6.c3 Nxd2 7.Qxd2 Bf5 8.Bd3 Bxd3
9.Qxd3 e6 10.Nf3 Be7 11.O-O Nd7 12.e4 dxe4 13.Qxe4 Nf6 14.Qe2 c5 15.c4 cxd4
16.Nxd4 a6 17.a3 Qh5 18.Nf3 O-O 19.h3 Rac8 20.Be5 Nd7 21.Bd4 Nc5 22.b4 Nb3
23.Rad1 Nxd4 24.Rxd4 Rfd8 25.Rfd1 Rxd4 26.Rxd4 Bf6 27.Rd7 b5 28.c5  1/2-1/2

[Event "Moscow-ch op"]
[Site "Moscow"]
[Date "1995.??.??"]
[Round "6"]
[White "Rustemov, Alexander"]
[Black "Baikov, Vladimir A"]
[Result "1/2-1/2"]
[WhiteElo "2475"]
[BlackElo "2370"]

1.d4 Nf6 2.Bg5 Ne4 3.Bh4 c5 4.f3 g5 5.fxe4 gxh4 6.e3 Bh6 7.Kf2 Nc6 8.Qh5 Qb6
9.Qxc5 Qxb2 10.Qc3 Qxc3 11.Nxc3 d6 12.Nf3 h3 13.gxh3 Bd7 14.Nd5 Rc8 15.Rb1 Na5
16.Bd3 Bxh3 17.Rb5 b6 18.Nxe7 Kxe7 19.Rh5 Bxe3+ 20.Kxe3 Bg4 21.Rg5 Nc4+ 22.Kf4 Bxf3
23.Kxf3 Nb2 24.Ke3 Rc3 25.Rf1 Nxd3 26.cxd3 Rc2 27.Rg7 Rf8 28.Rxh7 Rxa2 29.Rc1 Kd7
30.d5 Ra5 31.h4 Rc5 32.Rf1 Ke7 33.h5 b5 34.h6 Rc2 35.Ra1 Rc7 36.Rg7 Rh8 37.h7 Kf6
38.Rag1 Rc2 39.Kd4 b4 40.Rg8 Rxh7 41.Rd8 Ke7 42.Rgg8 b3 43.Rge8+ Kf6 44.Rxd6+ Kg7
45.Rb8 b2 46.Rc6 Rd2 47.d6 Rh1 48.Ke3 Rdh2 49.d7 Rh3+ 50.Kd2 R3h2+ 51.Kc3 Rc1+
52.Kd4 Rh8 53.Rxh8 b1=Q 54.Rg8+ Kh7 55.Rxc1 Qb6+ 56.Ke5 Qe6+ 57.Kf4 Qxd7
58.Rg5 Qd6+ 59.Kg4 Qd7+ 60.Kf4 Qd6+ 61.Kg4 Qd7+ 62.Kf4 Qd6+ 63.Kg4  1/2-1/2

[Event "Moscow op2"]
[Site "Moscow"]
[Date "1995.??.??"]
[Round "9"]
[White "Danielian, Oganes"]
[Black "Baikov, Vladimir A"]
[Result "1-0"]
[WhiteElo "2450"]
[BlackElo "2370"]

1.d4 Nf6 2.Bg5 Ne4 3.Bh4 c5 4.f3 g5 5.fxe4 gxh4 6.e3 Bh6 7.Kf2 Nc6 8.Nf3 cxd4
9.exd4 e5 10.Nc3 exd4 11.Nd5 Be3+ 12.Nxe3 dxe3+ 13.Kxe3 Qb6+ 14.Nd4 d6 15.c3 Be6
16.Bb5 O-O-O 17.Bxc6 bxc6 18.Rf1 Rhe8 19.Kf2 Bc4 20.Re1 c5 21.Qg4+ Kb8 22.Nf5 Rg8
23.Qf3 Be6 24.Re2 Bxf5 25.Qxf5 c4+ 26.Kf1 h6 27.Rd1 Rg5 28.Qxf7 h3 29.g3 Rgg8
30.Qxc4 Rdf8+ 31.Ke1 h5 32.Rd5 a6 33.Rxh5 Qg1+ 34.Kd2 Rg7  1-0

[Event "Moscow op2"]
[Site "Moscow"]
[Date "1995.??.??"]
[Round "9"]
[White "Sosnin, Nikolay N"]
[Black "Nesterov, Aleksandar"]
[Result "0-1"]
[WhiteElo "2210"]
[BlackElo "2205"]

1.d4 Nf6 2.Bg5 Ne4 3.Bf4 d6 4.Nd2 Nxd2 5.Qxd2 Nd7 6.Nf3 c5 7.e4 cxd4 8.e5 dxe5
9.Nxe5 f6 10.Nxd7 Bxd7 11.Qxd4 e5 12.Qe3 Qe7 13.Bg3 Qb4+ 14.Qd2 Qxb2  0-1

[Event "Moscow-ch op"]
[Site "Moscow"]
[Date "1995.??.??"]
[Round "9"]
[White "Annakov, Babakuli"]
[Black "Saulin, Dmitri"]
[Result "0-1"]
[WhiteElo "2410"]
[BlackElo "2345"]

1.d4 Nf6 2.Bg5 Ne4 3.Bf4 d5 4.f3 Nf6 5.Nc3 e6 6.e3 a6 7.Nge2 c5 8.g4 Nc6
9.Bg2 b5 10.O-O Be7 11.Ng3 Nd7 12.Nge2 h5 13.h3 Qb6 14.Qd2 Nf8 15.Bg3 Ng6
16.Bf2 hxg4 17.fxg4 Bg5 18.Qe1 cxd4 19.exd4 Nce7 20.a4 Bb7 21.axb5 axb5 22.Rxa8+ Bxa8
23.Nd1 Bb7 24.Be3 Bh4 25.Qd2 b4 26.b3 O-O 27.Nb2 Ba6 28.Nd3 Bxd3 29.Qxd3 Ra8
30.Qd2 Nc6 31.Rd1 Ra2 32.Bf1 Be7 33.Bg2 Bd6 34.Nc1 Ra1 35.Rf1 Bb8 36.Qf2 Qc7
37.Bf3 Nf4 38.Qh2 Qa7 39.Rd1 Nd3 40.Qd2 Nxc1 41.Rxc1 Rxc1+ 42.Qxc1 Nxd4 43.Bxd4 Qxd4+
44.Kg2 Qe5 45.Kf1 Qh2  0-1

[Event "Namses op"]
[Site "Namses"]
[Date "1995.??.??"]
[Round "?"]
[White "Djurhuus, Rune"]
[Black "Nilssen, Sven Wisloff"]
[Result "1/2-1/2"]
[WhiteElo "2495"]
[BlackElo "2210"]

1.d4 Nf6 2.Bg5 Ne4 3.Bf4 d5 4.f3 Nf6 5.e4 dxe4 6.Nc3 exf3 7.Nxf3 c6 8.Bd3 Bg4
9.h3 Bh5 10.Qe2 Nbd7 11.O-O-O e6 12.g4 Bg6 13.Bxg6 hxg6 14.d5 Nxd5 15.Nxd5 cxd5
16.Rxd5 Be7 17.Rd2 Qa5 18.Kb1 Nf6 19.Ne5 O-O 20.h4 Rad8 21.h5 Rxd2 22.Bxd2 Qd5
23.Rd1 Qe4 24.Qxe4 Nxe4 25.hxg6 Nxd2+ 26.Rxd2 fxg6 27.c4 Rd8 28.Rxd8+ Bxd8
29.Kc2 Bc7 30.Nf3 Kf7 31.Kd3 Kf6 32.Ke4 g5 33.b4 a6 34.a4 Bf4 35.Kd4 Ke7
36.c5 Kd7 37.b5 axb5 38.axb5 Kc7 39.Kc4 Kd7 40.Ne1 Bg3 41.Nd3 Kc7 42.Kd4 Bf4
43.Nf2 Kd7 44.Ne4 Kc7 45.Kc4 Kd7 46.Kb4 Kc7 47.Ka5 Be3 48.Kb4  1/2-1/2

[Event "Namses op"]
[Site "Namses"]
[Date "1995.??.??"]
[Round "?"]
[White "Djurhuus, Rune"]
[Black "Agdestein, Simen"]
[Result "1-0"]
[WhiteElo "2495"]
[BlackElo "2600"]

1.d4 Nf6 2.Bg5 Ne4 3.Bf4 d5 4.Nd2 Bf5 5.e3 e6 6.Nxe4 dxe4 7.g4 Bg6 8.h4 h6
9.Ne2 Nd7 10.Bg2 Bd6 11.c3 Qe7 12.Qc2 f5 13.h5 Bh7 14.Bxd6 Qxd6 15.gxf5 exf5
16.Nf4 Nb6 17.Bf1 O-O 18.c4 c5 19.O-O-O Rf7 20.b4 cxd4 21.c5 d3 22.cxd6 dxc2
23.Kxc2 Rf6 24.a4 Rc8+ 25.Kb3 Kf8 26.b5 Bg8+ 27.Kb4 Bf7 28.Be2 Rc2 29.Rd4 Ke8
30.a5 Nd7 31.Rg1 Kf8 32.Rgd1 Rb2+ 33.Kc3 Rb3+ 34.Kc2 Ra3 35.a6 bxa6 36.bxa6 Bb3+
37.Kb2 Bxd1 38.Kxa3 Bxe2 39.Nxe2 Ke8 40.Kb4 Ne5 41.Kb5 Kd7 42.Rd5 Nf7 43.Kc5 Ng5
44.Nf4 Nf7 45.Ne2 Ng5 46.Nd4 f4 47.exf4 Rxf4 48.Re5 Rf7 49.Kd5 Nh7 50.Nc6 Nf6+
51.Kc5 Ng4 52.Nb8+ Kd8 53.Nc6+ Kd7 54.Rd5 Rxf2 55.Nb8+ Kd8 56.d7 Rc2+ 57.Kd6 Ne3
58.Rb5 Nc4+ 59.Ke6 Rd2 60.Nc6+ Kc7 61.d8=Q+  1-0

[Event "Namses op"]
[Site "Namses"]
[Date "1995.??.??"]
[Round "?"]
[White "Djurhuus, Rune"]
[Black "Grotnes, Nils"]
[Result "1-0"]
[WhiteElo "2495"]
[BlackElo "2325"]

1.d4 Nf6 2.Bg5 Ne4 3.Bf4 d5 4.f3 Nf6 5.e4 dxe4 6.Nc3 e3 7.Bc4 Bf5 8.Nge2 e6
9.g4 Bg6 10.Bxe3 Nd5 11.Bxd5 exd5 12.Nf4 Bb4 13.h4 Bxc3+ 14.bxc3 f5 15.Qd3 Bf7
16.gxf5 Nc6 17.Rb1 O-O 18.h5 Qf6 19.h6 Ne7 20.hxg7 Rfe8 21.Kf2 Qxf5 22.Rxb7 Qxd3
23.cxd3 Nf5 24.Bd2 Re7 25.Nh5 Bxh5 26.Rxh5 Nd6 27.Rb2 c6 28.Bf4 Ne8 29.Be5 Nxg7
30.Rg5 Rf8 31.Bd6 Rd7 32.Bxf8 Kxf8 33.Rb8+ Kf7 34.Rc8  1-0

[Event "New Castle schev"]
[Site "New Castle on Tyne"]
[Date "1995.??.??"]
[Round "4"]
[White "Wall, Tim"]
[Black "Rayner, Francis"]
[Result "1-0"]
[WhiteElo "2250"]
[BlackElo "2200"]

1.d4 Nf6 2.Bg5 Ne4 3.Bf4 c5 4.f3 Nf6 5.d5 d6 6.e4 e5 7.Be3 Be7 8.Qd2 O-O
9.Nc3 Ne8 10.Nge2 h6 11.O-O-O a6 12.h4 b5 13.Qe1 Qa5 14.a3 b4 15.Nb1 f5 16.exf5 Bxf5
17.Ng3 Bh7 18.Bd3 Bxd3 19.Rxd3 Qb5 20.axb4 cxb4 21.Ne4 Nd7 22.Qg3 Rc8 23.Rd2 Ndf6
24.Bxh6 Nxe4 25.fxe4 Rf1+ 26.Rxf1 Qxf1+ 27.Rd1 Qc4 28.Rd2 Qf1+ 29.Rd1 Qc4
30.c3 Qxe4 31.Qh3 Rc7 32.Bg5 Bxg5+ 33.hxg5 Qf4+ 34.Nd2 bxc3 35.bxc3 Qf7 36.Qd3 Rc5
37.Ne4 Qf5 38.Kc2 Ra5 39.Rf1 Qg4 40.Qf3 Qxf3 41.Rxf3 Rxd5 42.g6 Ra5 43.Rf7 Ra2+
44.Kb3 Rxg2 45.Re7 Nf6 46.Nxd6 Rxg6 47.Rxe5 Nd7 48.Rd5 Kf8 49.Nc4 Nb6 50.Rf5+ Ke7
51.Re5+ Kd7 52.Ne3 Re6 53.Ng4 Rxe5 54.Nxe5+ Kd6 55.Ng6 Kc5 56.Nf4 Kd6 57.Ng6 Nd7
58.c4 Ne5 59.c5+ Kd5 60.Nf4+ Kc6 61.Kc3 g5 62.Ne6 g4 63.Kd4 g3 64.Kxe5 g2
65.Nd4+ Kxc5 66.Ne2 a5 67.Ke4 a4 68.Kf3 a3 69.Kxg2 a2 70.Nc1  1-0

[Event "New York Marshall"]
[Site "New York"]
[Date "1995.??.??"]
[Round "2"]
[White "Hergott, Deen"]
[Black "Brooks, Michael A"]
[Result "1/2-1/2"]
[WhiteElo "2480"]
[BlackElo "2445"]

1.d4 Nf6 2.Bg5 Ne4 3.Bh4 c5 4.f3 Qa5+ 5.c3 Nd6 6.dxc5 Qxc5 7.Bf2 Qc7 8.e4 Nc6
9.Bg3 e5 10.Qd5 f6 11.Na3 b6 12.Nb5 Nxb5 13.Bxb5 Bb7 14.Rd1 O-O-O 15.Qc4 Ne7
16.Qxc7+ Kxc7 17.Ne2 Nc8  1/2-1/2

[Event "Nikolaev zt"]
[Site "Nikolaev"]
[Date "1995.??.??"]
[Round "10"]
[White "Ovsejevitsch, Sergei"]
[Black "Zulfugarli, Magomed"]
[Result "1/2-1/2"]
[WhiteElo "2370"]
[BlackElo "2400"]

1.d4 Nf6 2.Bg5 Ne4 3.Bf4 g6 4.f3 Nf6 5.e4 d6 6.Qd2 Bg7 7.Ne2 O-O 8.Bh6 e5
9.Bxg7 Kxg7 10.Nbc3 c5 11.dxe5 dxe5 12.O-O-O Qa5 13.h4 h6 14.g4 Nc6 15.g5 Nh5
16.gxh6+ Kh7 17.Qg5 Be6 18.Bh3 Bxh3 19.Rxh3 Rad8 20.Rg1 Nd4 21.Nxd4 cxd4
22.Nd5 Qxa2 23.Rhh1 d3 24.Qxe5 Rc8 25.c3 Qa4 26.Kb1 Qc2+ 27.Ka2 Rc4 28.Nb4 Rxb4
29.cxb4 Qa4+ 30.Kb1 Qc2+ 31.Ka2 Qa4+ 32.Kb1  1/2-1/2